Sports Quiz

Random Sports or NFL Quiz

NFL 2000+ Yards from Scrimmage (Season) Quiz Stats

 Plays Quiz Updated Jan 2, 2019

Also try: NFL Top 5 Passers
Challenge
Share
Tweet
Embed
Score 0/67 Timer 05:00
0 Plays Today
Yards Player % Correct
2,509Chris Johnson
90.5%
2,199Larry Johnson
89.8%
2,093Larry Johnson
89.8%
2,148Emmitt Smith
88.3%
2,048Emmitt Smith
88.3%
2,314Adrian Peterson
87.5%
2,118David Johnson
84.8%
2,358Barry Sanders
83.6%
2,166Barry Sanders
83.6%
2,370LaDainian Tomlinson
82.2%
2,323LaDainian Tomlinson
82.2%
2,172LaDainian Tomlinson
82.2%
2,429Marshall Faulk
81.3%
2,227Marshall Faulk
81.3%
2,189Marshall Faulk
81.3%
2,147Marshall Faulk
81.3%
2,244Eric Dickerson
75.1%
2,212Eric Dickerson
75.1%
2,036Eric Dickerson
75.1%
2,026Eric Dickerson
75.1%
2,121Walter Payton
74.3%
2,052Walter Payton
74.3%
2,034Walter Payton
74.3%
2,028Walter Payton
74.3%
2,287Priest Holmes
73.2%
2,169Priest Holmes
73.2%
2,110Priest Holmes
73.2%
2,271Jamal Lewis
71.1%
2,225Terrell Davis
71.1%
2,037Terrell Davis
71.1%
2,253O.J. Simpson
69.8%
2,073O.J. Simpson
69.8%
2,131Jim Brown
69.6%
2,334Steven Jackson
68.5%
Yards Player % Correct
2,068Ray Rice
67.8%
2,041Ray Rice
67.8%
2,303Edgerrin James
67.1%
2,139Edgerrin James
67.1%
2,031Edgerrin James
67.1%
2,216Ricky Williams
64.1%
2,390Tiki Barber
60.4%
2,127Tiki Barber
60.4%
2,096Tiki Barber
60.4%
2,180Frank Gore
56.3%
2,113Thurman Thomas
56%
2,038Thurman Thomas
56%
2,250Ahman Green
55.2%
2,314Marcus Allen
54.1%
2,220Arian Foster
53.6%
2,034Barry Foster
53.3%
2,001Ezekiel Elliott
52%
2,165Jamal Anderson
49.7%
2,146LeSean McCoy
49%
2,104Brian Westbrook
48.6%
2,028Saquon Barkley
48.4%
2,215Le'Veon Bell
48.1%
2,261DeMarco Murray
42.8%
2,093Todd Gurley
42.5%
2,066Roger Craig
39.9%
2,036Roger Craig
39.9%
2,157Deuce McAllister
34.9%
2,019Herschel Walker
29.9%
2,105Garrison Hearst
27.7%
2,006Wilbert Montgomery
11.1%
2,229James Wilder
10.1%
2,176William Andrews
7.1%
2,036William Andrews
7.1%

You're not logged in!

Compare scores with friends on all Sporcle quizzes.
OR
Log In

You Might Also Like...

Show Comments

Extras

Top Quizzes Today


Score Distribution

Your Account Isn't Verified!

In order to create a playlist on Sporcle, you need to verify the email address you used during registration. Go to your Sporcle Settings to finish the process.

Report this User

Report this user for behavior that violates our Community Guidelines.

Details: